1 Fußballer aus 9 (Stürmer) - Statistiken

Allgemein
  • Dieses Quiz wurde 605 mal gespielt
  • Das Durchschnittsergebnis liegt bei 75 aus 81
Antwortstatistiken
Frage Kachel Select % Korrekt
von Palermo nach Juventus Turin wechselte. Nein
97%
zwei mal die WM gewann und bei der zweiten siegreichen Teilnahme 8 Tore aus 7 Spielen machte. Nein
97%
zwei mal die WM gewann und bei der zweiten siegreichen Teilnahme 8 Tore aus 7 Spielen machte. Nein
97%
zwei mal die WM gewann und bei der zweiten siegreichen Teilnahme 8 Tore aus 7 Spielen machte. Nein
97%
einen top Speed von 38,5 km/h vorweisen kann. Nein
97%
von Palermo nach Juventus Turin wechselte. Nein
96%
von Palermo nach Juventus Turin wechselte. Nein
96%
von Palermo nach Juventus Turin wechselte. Nein
96%
von Palermo nach Juventus Turin wechselte. Nein
96%
von Palermo nach Juventus Turin wechselte. Nein
96%
in Ghana aufgrund eines Handspiels mehr als irgendwo anders gehasst wird. Nein
96%
in Ghana aufgrund eines Handspiels mehr als irgendwo anders gehasst wird. Nein
96%
in Ghana aufgrund eines Handspiels mehr als irgendwo anders gehasst wird. Nein
96%
zwei mal die WM gewann und bei der zweiten siegreichen Teilnahme 8 Tore aus 7 Spielen machte. Nein
96%
einen top Speed von 38,5 km/h vorweisen kann. Nein
96%
einen top Speed von 38,5 km/h vorweisen kann. Nein
96%
einen top Speed von 38,5 km/h vorweisen kann. Nein
96%
einen top Speed von 38,5 km/h vorweisen kann. Nein
96%
einen top Speed von 38,5 km/h vorweisen kann. Nein
96%
einen top Speed von 38,5 km/h vorweisen kann. Nein
96%
in Ghana aufgrund eines Handspiels mehr als irgendwo anders gehasst wird. Nein
95%
in Ghana aufgrund eines Handspiels mehr als irgendwo anders gehasst wird. Nein
95%
in Ghana aufgrund eines Handspiels mehr als irgendwo anders gehasst wird. Nein
95%
zwei mal die WM gewann und bei der zweiten siegreichen Teilnahme 8 Tore aus 7 Spielen machte. Nein
95%
sein La Liga Debut im Alter von 18 Jahren für Atletico Madrid gab. Nein
95%
sein La Liga Debut im Alter von 18 Jahren für Atletico Madrid gab. Nein
95%
sein La Liga Debut im Alter von 18 Jahren für Atletico Madrid gab. Nein
95%
für 120 Millionen Euro wechselte, um dann nach zwei „Rückleihen“ für 22 Millionen Euro zurück zu wechseln. Nein
95%
in seiner Karriere nur bei AC Milan und Ajax spielte und dabei aus 373 Spielen 277 Tore erzielte. Nein
95%
in seiner Karriere nur bei AC Milan und Ajax spielte und dabei aus 373 Spielen 277 Tore erzielte. Nein
95%
in seiner Karriere nur bei AC Milan und Ajax spielte und dabei aus 373 Spielen 277 Tore erzielte. Nein
95%
in seiner Karriere nur bei AC Milan und Ajax spielte und dabei aus 373 Spielen 277 Tore erzielte. Nein
95%
ewiger WM Torschützenkönig ist. Nein
95%
ewiger WM Torschützenkönig ist. Nein
95%
ewiger WM Torschützenkönig ist. Nein
95%
von Palermo nach Juventus Turin wechselte. Nein
94%
in Ghana aufgrund eines Handspiels mehr als irgendwo anders gehasst wird. Nein
94%
sein La Liga Debut im Alter von 18 Jahren für Atletico Madrid gab. Nein
94%
sein La Liga Debut im Alter von 18 Jahren für Atletico Madrid gab. Nein
94%
sein La Liga Debut im Alter von 18 Jahren für Atletico Madrid gab. Nein
94%
für 120 Millionen Euro wechselte, um dann nach zwei „Rückleihen“ für 22 Millionen Euro zurück zu wechseln. Nein
94%
für 120 Millionen Euro wechselte, um dann nach zwei „Rückleihen“ für 22 Millionen Euro zurück zu wechseln. Nein
94%
für 120 Millionen Euro wechselte, um dann nach zwei „Rückleihen“ für 22 Millionen Euro zurück zu wechseln. Nein
94%
in seiner Karriere nur bei AC Milan und Ajax spielte und dabei aus 373 Spielen 277 Tore erzielte. Nein
94%
in seiner Karriere nur bei AC Milan und Ajax spielte und dabei aus 373 Spielen 277 Tore erzielte. Nein
94%
ewiger WM Torschützenkönig ist. Nein
94%
ewiger WM Torschützenkönig ist. Nein
94%
ewiger WM Torschützenkönig ist. Nein
94%
von Manchester United zu Real Madrid wechselte. Nein
94%
von Manchester United zu Real Madrid wechselte. Nein
94%
von Manchester United zu Real Madrid wechselte. Nein
94%
von Manchester United zu Real Madrid wechselte. Nein
94%
von Manchester United zu Real Madrid wechselte. Nein
94%
von Manchester United zu Real Madrid wechselte. Nein
94%
zwei mal die WM gewann und bei der zweiten siegreichen Teilnahme 8 Tore aus 7 Spielen machte. Nein
93%
sein La Liga Debut im Alter von 18 Jahren für Atletico Madrid gab. Nein
93%
einen top Speed von 38,5 km/h vorweisen kann. Nein
93%
für 120 Millionen Euro wechselte, um dann nach zwei „Rückleihen“ für 22 Millionen Euro zurück zu wechseln. Nein
93%
in seiner Karriere nur bei AC Milan und Ajax spielte und dabei aus 373 Spielen 277 Tore erzielte. Nein
93%
von Manchester United zu Real Madrid wechselte. Nein
93%
von Manchester United zu Real Madrid wechselte. Nein
93%
zwei mal die WM gewann und bei der zweiten siegreichen Teilnahme 8 Tore aus 7 Spielen machte. Nein
92%
in seiner Karriere nur bei AC Milan und Ajax spielte und dabei aus 373 Spielen 277 Tore erzielte. Nein
92%
ewiger WM Torschützenkönig ist. Nein
92%
in Ghana aufgrund eines Handspiels mehr als irgendwo anders gehasst wird. Nein
91%
zwei mal die WM gewann und bei der zweiten siegreichen Teilnahme 8 Tore aus 7 Spielen machte. Nein
91%
einen top Speed von 38,5 km/h vorweisen kann. Ja
91%
für 120 Millionen Euro wechselte, um dann nach zwei „Rückleihen“ für 22 Millionen Euro zurück zu wechseln. Nein
91%
ewiger WM Torschützenkönig ist. Nein
91%
von Manchester United zu Real Madrid wechselte. Ja
91%
von Palermo nach Juventus Turin wechselte. Nein
90%
für 120 Millionen Euro wechselte, um dann nach zwei „Rückleihen“ für 22 Millionen Euro zurück zu wechseln. Nein
90%
für 120 Millionen Euro wechselte, um dann nach zwei „Rückleihen“ für 22 Millionen Euro zurück zu wechseln. Nein
89%
ewiger WM Torschützenkönig ist. Ja
88%
in seiner Karriere nur bei AC Milan und Ajax spielte und dabei aus 373 Spielen 277 Tore erzielte. Ja
87%
von Palermo nach Juventus Turin wechselte. Ja
83%
in Ghana aufgrund eines Handspiels mehr als irgendwo anders gehasst wird. Ja
82%
zwei mal die WM gewann und bei der zweiten siegreichen Teilnahme 8 Tore aus 7 Spielen machte. Ja
79%
für 120 Millionen Euro wechselte, um dann nach zwei „Rückleihen“ für 22 Millionen Euro zurück zu wechseln. Ja
75%
sein La Liga Debut im Alter von 18 Jahren für Atletico Madrid gab. Nein
70%
sein La Liga Debut im Alter von 18 Jahren für Atletico Madrid gab. Ja
68%
Keine übereinstimmenden Quizze gefunden
Verteilung der Resultate
Anzahl Personen mit jedem Resultat
Perzentil nach korrekt beantworteten Fragen
Ihre Resultats-Entwicklung
Sie haben dieses Quiz noch nicht gespielt